|
|
|
|
| LEADER |
01435nam a2200409Ia 4500 |
| 001 |
EBC166434 |
| 003 |
MiAaPQ |
| 005 |
20200520144314.0 |
| 006 |
m o d | |
| 007 |
cr cn||||||||| |
| 008 |
001208s2001 enk sb 001 0 eng d |
| 010 |
|
|
|z 00069038
|
| 020 |
|
|
|z 0203443411
|
| 020 |
|
|
|z 0415154715
|
| 035 |
|
|
|a (MiAaPQ)EBC166434
|
| 035 |
|
|
|a (Au-PeEL)EBL166434
|
| 035 |
|
|
|a (CaPaEBR)ebr10053803
|
| 035 |
|
|
|a (CaONFJC)MIL31829
|
| 035 |
|
|
|a (OCoLC)51977445
|
| 040 |
|
|
|a MiAaPQ
|c MiAaPQ
|d MiAaPQ
|
| 050 |
|
4 |
|a HB171
|b .V36 2001
|
| 082 |
0 |
4 |
|a 338.9
|2 21
|
| 100 |
1 |
|
|a Vanberg, Viktor.
|
| 245 |
1 |
4 |
|a The constitution of markets
|h [electronic resource] :
|b essays in political economy /
|c Viktor J. Vanberg.
|
| 260 |
|
|
|a London ;
|a New York :
|b Routledge,
|c 2001.
|
| 300 |
|
|
|a xv, 207 p.
|
| 490 |
1 |
|
|a Foundations of the market economy
|
| 504 |
|
|
|a Includes bibliographical references (p. [185]-197) and indexes.
|
| 533 |
|
|
|a Electronic reproduction. Ann Arbor, MI : ProQuest, 2015. Available via World Wide Web. Access may be limited to ProQuest affiliated libraries.
|
| 650 |
|
0 |
|a Economics.
|
| 650 |
|
0 |
|a Economic policy.
|
| 650 |
|
0 |
|a Capitalism.
|
| 650 |
|
0 |
|a Post-communism.
|
| 655 |
|
4 |
|a Electronic books.
|
| 710 |
2 |
|
|a ProQuest (Firm)
|
| 830 |
|
0 |
|a Foundations of the market economy series.
|
| 856 |
4 |
0 |
|u https://ebookcentral.proquest.com/lib/matrademy/detail.action?docID=166434
|z Click to View
|